Statistics for Confederate States of the U.S. Civil War

Click here to take the quiz!

General Stats

  • This quiz has been taken 104,507 times
  • The average score is 10 of 11

Answer Stats

State% Correct
Alabama
94%
Georgia
92%
Florida
91%
South Carolina
91%
Texas
91%
North Carolina
89%
Mississippi
88%
Virginia
88%
Tennessee
84%
Louisiana
79%
Arkansas
74%

Score Distribution

Percentile by Number Answered

Percent of People with Each Score

Your Score History

You have not taken this quiz